| 000 | 00482nam a2200193 a 4500 | ||
|---|---|---|---|
| 001 | 1755748259225 | ||
| 003 | ACL | ||
| 005 | 20250821093630.0 | ||
| 008 | 250821s2004##################000#0#eng## | ||
| 020 | _a9780486436401 | ||
| 082 | 0 | 4 |
_a743.6 _bBAM |
| 100 | 1 |
_aBammes, Gottfried, _eauthor. |
|
| 245 | 1 | 0 | _aThe Artist's Guide to Animal Anatomy : |
| 260 |
_bCourier Corporation, _c2004. |
||
| 300 | _a146 pages | ||
| 650 | 0 | _aArt. | |
| 942 | _cENGLISH | ||
| 040 |
_aACL _beng _cACL |
||
| 999 |
_c583332 _d583332 |
||